Don Bosco Technical Institute of Makati
Library and Learning Resource Center
Online Public Access Catalog (OPAC)
Normal view MARC view

Entry Topical Term

Number of records used in: 1

001 - CONTROL NUMBER

  • control field: 31819

003 - CONTROL NUMBER IDENTIFIER

  • control field: OSt

005 - DATE AND TIME OF LATEST TRANSACTION

  • control field: 20260119084352.0

008 - FIXED-LENGTH DATA ELEMENTS

  • fixed length control field: 260119|| aca||aabn | a|a d

040 ## - CATALOGING SOURCE

  • Original cataloging agency: OSt
  • Transcribing agency: OSt

150 ## - HEADING--TOPICAL TERM

  • Topical term or geographic name entry element: Video games
  • Form subdivision: Juvenile fiction

670 ## - SOURCE DATA FOUND

  • Source citation: Work cat.: (OSt): Cawthon, Scott. 31814, Five nights at Freddy's : the week before / , 2024.

Copyright 2017, Don Bosco Technical Institute of Makati, Inc. All Rights Reserved.
In partnership with: Nephila Web Technology, Inc.